| 000 | 00761nam a2200253Ia 4500 | ||
|---|---|---|---|
| 005 | 20240311103946.0 | ||
| 008 | 131103s9999 xx 000 0 und d | ||
| 020 | _a130861006 | ||
| 040 | _aLoreto College | ||
| 041 | _aEnglish | ||
| 082 |
_a371.425 _bSUK |
||
| 100 | _aSukiennik, Diane | ||
| 245 | 4 |
_aThe Career Fitness Program, _cDiane Sukiennik, William Bendat, Lisa Raufman |
|
| 250 |
_a6th ed _b Exercising your options |
||
| 260 |
_aUpper Saddle River, New Jersey _bPrentice Hall _c2001 |
||
| 300 |
_axx,282p _b ill |
||
| 504 | _aIncludes bibliographical references and index | ||
| 630 | _aJob Hunting | ||
| 650 | _aPersonality Assessment | ||
| 651 | _aVocational Guidance | ||
| 700 | _aBendat, William | ||
| 850 | _aLCLIB | ||
| 942 | _cBK | ||
| 999 |
_c8278 _d58757 |
||